000 00296nam a22001337a 4500
008 171023b xxu||||| |||| 00| 0 eng d
020 _a9780130907660
041 _aeng
080 _25TH
_a311
100 _a55
101 _aSTA
245 _aBUSINESS STATISTICS
_cGROEBNER,D.F
942 _2udc
_cBK
999 _c35550
_d35550